Music Quiz

Random Music or Artist Quiz
Score 0/10 Timer 08:00
0 Plays Today
% Correct
Crazy Little Thing Called Love
81.8%
Somebody To Love
81.8%
We Are The Champions
81.8%
I Want To Break Free
81.8%
A Kind Of Magic
81.8%
Under Pressure (with David Bowie)
81.8%
Killer Queen
72.7%
Radio Ga Ga
72.7%
Bohemian Rhapsody
72.7%
I Want It All
63.6%
Remove Ads.
Support Sporcle.
Get the best of Sporcle when you Go Orange. This ad-free experience offers more features, more stats, and more fun while also helping to support Sporcle. Thank you for becoming a member.

You're not logged in!

Compare scores with friends on all Sporcle quizzes.
OR
Log In

Sporcle TV

Today on Sporcle TV


Watch our educational content, quiz creation guides, and fun videos on Sporcle TV.

Show Comments

Extras

Top Quizzes Today


Score Distribution

Paid Content

Your Account Isn't Verified!

In order to create a playlist on Sporcle, you need to verify the email address you used during registration. Go to your Sporcle Settings to finish the process.

Report this User

Report this user for behavior that violates our Community Guidelines.

Details: